| 000 | 01071cam a2200313 i 4500 | ||
|---|---|---|---|
| 999 |
_c128290 _d128290 |
||
| 001 | 18383789 | ||
| 003 | ARRUPE | ||
| 005 | 20181002113028.0 | ||
| 008 | 141110s2014 enk 000 0 eng | ||
| 010 | _a 2014486330 | ||
| 020 | _a9781471138867 (pbk.) | ||
| 020 | _z9781471138874 (ebook) | ||
| 040 |
_aDLC _beng _erda _cDLC _dDLC |
||
| 042 | _apcc | ||
| 050 | 0 | 0 |
_aBJ1496 _b.I94 2014 |
| 082 | 0 | 4 |
_a302.231 _223 |
| 100 | 1 |
_aIyer, Pico, _eauthor. _942680 |
|
| 245 | 1 | 4 |
_aThe art of stillness : _badventures in going nowhere / _cPico Iyer ; photography by Eydís Einarsdóttir. |
| 260 |
_aLondon _bTed Books _c2014 |
||
| 300 |
_a74 p. ; _c18 cm |
||
| 650 |
_aSimplicity _942681 |
||
| 650 |
_aMind and body _914387 |
||
| 650 |
_aSpiritual life _94105 |
||
| 650 |
_aSpirituality _942682 |
||
| 906 |
_a7 _bcbc _corigres _d3 _encip _f20 _gy-gencatlg |
||
| 942 |
_2lcc _cMONOGRAPH |
||